| 000 | 01448cam a2200361 i 4500 | ||
|---|---|---|---|
| 999 |
_c61294 _d61294 |
||
| 001 | 19231274 | ||
| 005 | 20240130122411.0 | ||
| 008 | 160815s2016 enk b 001 0 eng | ||
| 010 | _a 2016951183 | ||
| 020 | _a9780749477509 (pbk) X | ||
| 020 | _a0749477504 (pbk) X | ||
| 040 |
_aDLC _beng _erda _cDLC |
||
| 042 | _apcc | ||
| 050 | 0 | 0 |
_aHF5415.1255 _b.G34 2016 |
| 080 | _a339.138 G-12 | ||
| 100 | 1 |
_aGad, Thomas, _eauthor. _921154 |
|
| 245 | 1 | 0 |
_aCustomer experience branding : _bdriving engagement through surprise and innovation / _cThomas Gad. |
| 264 | 1 |
_aLondon ; _aPhilapelphia, PA : _bKogan Page, _c2016. |
|
| 300 |
_axix, 168 pages ; _c24 cm |
||
| 336 |
_atext _btxt _2rdacontent |
||
| 337 |
_aunmediated _bn _2rdamedia |
||
| 338 |
_avolume _bnc _2rdacarrier |
||
| 504 | _aIncludes bibliographical references and index. | ||
| 650 | 0 |
_aBranding (Marketing) _921155 |
|
| 650 | 0 |
_aBrand name products. _921156 |
|
| 650 | 0 |
_aCustomer relations. _921157 |
|
| 653 | _aბრენდინგი (მარკეტინგი) ბრენდის პროდუქტები. კლიენტებთან ურთიერთობა | ||
| 653 | _aმარკეტინგი | ||
| 906 |
_a7 _bcbc _corigres _d3 _encip _f20 _gy-gencatlg |
||
| 942 |
_2udc _cᲬᲘᲒᲜᲘ |
||
| 955 |
_apc25 2016-08-15 _axn12 2016-11-01 1 copy rec'd., to USASH |
||
| 955 |
_brm08 2016-11-10 z-processor _arm15 2019-05-17 (telework) to CALM |
||